[Event "Masters"]
[Site "Gibraltar"]
[Date "2020.01.29"]
[Round "9.7"]
[White "Topalov, Veselin"]
[Black "Basso, Pier Luigi"]
[Result "1-0"]
[WhiteElo "2738"]
[BlackElo "2600"]
[EventDate "2020.??.??"]
[Annotator "Bojkov,Dejan"]
[PlyCount "99"]
[Beauty "7012876300833"]
[EventType "game"]
[EventCountry "GGB"]

1.e4 e5 2.Nf3 Nc6 3.Bc4 Bc5 4.d3 Nf6 5.c3 O-O 6.Bg5 h6 7.Bh4 Be7 8.Nbd2 d6 9.a4 Nh5 10.Bg3 ( {Anand's treatment of the position also deserves serious investigation:} 10.g3 Nf6 11.Bxf6 Bxf6 12.h4 Ne7 13.Nh2 d5 14.Bb3 c6 15.Ng4 Qd6 16.Qf3 Bxg4 17.Qxg4 g6 18.h5 g5 19.Qf3 {and with the light-squared bishop significantly more useful than his opponent's dark-squared one White is calling the shots, Anand,V (2771)-Ragger,M (2686) Batumi 2018} ) 10...Nxg3 11.hxg3 Nb8 12.Ba2 $146 {A novelty. White is waiting for his opponent to show his cards.} ( {An earlier game saw instead} 12.Nf1 c6 13.Ne3 Na6 14.g4 Nc7 15.Nf5 d5 16.Bb3 Bf6 17.Qe2 Ne6 18.g3 Re8 19.Kf1 b6 20.Kg2 {Vachier -Lagrave,M (2783)-Kramnik,V (2789) Leuven 2017} ) ( {The immediate} 12.d4 {would be countered by central pressure with} 12...exd4 13.cxd4 Nc6 ) 12...Nd7 {Basso needs to develop.} 13.d4 {Now the knight cannot torture the enemy center.} 13...c6 ( {It is funny to see the computer recommending} 13...exd4 14.cxd4 Nb8 $1 {followed by Nb8-c6 anyway.} ) 14.Qc2 Qc7 ( {If Black knew what White was heading for, he might have chosen instead} 14...Rb8 $5 {intending quick queenside expansion after b7-b5-b4!} ) 15.g4 {Topalov would naturally try to exploit the half-open h-file for the attack.} 15...c5 16.g5 ( {It is too early to stabilize the center:} 16.dxe5 Nxe5 17.g5 Bxg5 18.Nxg5 hxg5 ) 16...hxg5 {This might not be Black's best choice.} ( {Better was to start the central action at once with} 16...cxd4 {and hide his king behind the white pawns after} 17.gxh6 g6 {although this also looks very risky for him.} ) 17.O-O-O $1 ( {Here:} 17.dxe5 Nxe5 18.Nxe5 dxe5 19.O-O-O {looked more interesting than before, but Topalov is inpatient to mate the black king.} ) 17...Bf6 {Basso needs the bishop to protect the h8 spot.} 18.Rh2 {To which the former world champion reacts without hesitation.} ( {Instead, there was a good alternative:} 18.Nc4 {One of the points lies in the line} 18...g6 ( {The other point is related to the beauty} 18...cxd4 19.Nxd4 $3 exd4 20.e5 g6 21.exf6 Nxf6 22.Nxd6 $1 {with a crushing attack. But we shall come back to this idea in a moment.} ) 19.Nxd6 $1 {where Black is under tremendous attack both in the endgame after} 19...cxd4 ( {and the middlegame after} 19...Qxd6 20.dxe5 ) 20.cxd4 Qxc2+ 21.Kxc2 exd4 22.Rh6 $1 ) 18...g6 19.Rdh1 cxd4 20.Rh6 {The threat of a capture on g6 is deadly.} 20...Kg7 {The critical position of the game. After dozen minutes of thought Topalov came up with the cunning:} ( {For instance} 20...dxc3 21.Rxg6+ Bg7 22.bxc3 {followed by Nf3xg5 leads to an unstoppable attack for White.} ) 21.Nb1 $1 {The exclamation mark is for the remarkable idea of the move. But oddly enough, despite all the hidden beauty this is not the optimal solution.} ( {Instead, the slightly more accurate approach} 21.Nf1 $3 {would have led to similar winning lines as in the game, but without the additional chance that Basso found. Now} 21...dxc3 {which might have worried Topalov can be met with} ( {In comparison to the game} 21...Nc5 22.Nxd4 Qe7 {does not work as the knight can find his way to the d5 outpost} 23.Ne3 $1 exd4 24.Rh7+ Kg8 25.Nd5 {and this decisively reinforces the attack, for example} 25...Qe5 26.cxd4 Qxd4 27.e5 $3 {with unstoppable mate, say:} 27...Qxe5 ( 27...Nd3+ 28.Qxd3 Qxd3 29.Nxf6# ) 28.Qxg6+ $1 fxg6 ( 28...Bg7 29.Rh8# ) 29.Ne7# ( 29.Nxf6# ) ) 22.Ne3 cxb2+ 23.Kxb2 Qxc2+ 24.Kxc2 {White is down three pawns, We're in an endgame, and... there is no way out for the second player:} 24...Nb6 ( {After the most stubborn (at least according to the engine) line} 24...Bd8 25.Rh7+ Kf6 26.Nd5+ Ke6 {White can win a whole rook with} 27.Nc7+ ( {or win with a direct attack:} 27.R1h6 ) ) 25.a5 Nd7 26.Rh7+ Kg8 27.Nxg5 {Not the only win, but beautiful enough for our readers:} 27...Bxg5 28.Bxf7+ Rxf7 29.Rh8+ Kg7 30.R1h7+ Kf6 31.Nd5+ Ke6 32.Re8+ Be7 33.Rxe7+ Rxe7 34.Rxe7# ) 21...Nc5 $1 {The only move.} ( 21...d3 {would most likely be met with} 22.Rh7+ Kg8 23.Qd1 Nc5 24.Qg1 $1 {and the queen helps the rooks mate the opponent.} ) ( {Whereas} 21...dxc3 22.Nxc3 {only helps White and the line} 22...Nc5 23.Nd5 Nd3+ 24.Kb1 Qxc2+ 25.Kxc2 {is completely hopeless for the second player.} ) 22.Nxd4 $3 {The brilliant point behind Topalov's play.} 22...Bd7 {This natural development does not solve Black's problems.} ( {The knight is invincible:} 22...exd4 23.Rh7+ Kg8 24.e5 $3 {leads to mate. By the way, this is where we see why the former world champion waited for the black knight to make a move. If it was still on d7 it could have captured the e5 pawn, thus defending on g6!} 24...Bxe5 ( {Or:} 24...Bf5 25.exf6 $1 ) 25.Qxg6+ {and mate on the next move.} ) ( {However, Basso could have played more solidly with} 22...Qe7 $3 {intending} 23.Rh7+ Kg8 24.Nb5 Bg4 {when it is anyone's game.} ) 23.Rh7+ Kg8 24.Nb5 Qd8 $1 {Best.} ( {Instead} 24...Bxb5 25.axb5 Bg7 26.Qe2 {leads to serious problems on the light squares for Black.} ) ( 24...Qb6 25.N1a3 {also does not defend optimally.} ) ( {While} 24...Qc6 $2 25.Bd5 {definitely helps White.} ) 25.Nxd6 {The obvious capture gives a chance to Black to swap off a major attacker.} ( 25.f3 $1 {might have been even better.} ) 25...Be6 $1 {Without the light-squared bishop White's attack loses its steam.} 26.Bxe6 Nxe6 {A good move.} ( {There was an alternative:} 26...fxe6 $1 {with the main idea} 27.Nxb7 ( {Or} 27.Qd1 Bg7 ) 27...Nd3+ 28.Kd2 Nb4+ 29.Nxd8 Rfxd8+ 30.Ke2 ( {And now White cannot stay around his queen:} 30.Kc1 $4 Na2# ) 30...Nxc2 {which should lead to a draw after, say:} 31.Rc7 Rab8 32.Rh6 Rxb2 33.Rxg6+ Kh8 34.Rh6+ ) 27.Qd1 g4 ( {Safer seems} 27...Bg7 28.Na3 Qf6 ) 28.Na3 Nf4 {Basso decided to get rid of the white rooks once and forever.} ( {The other way to do it} 28...Ng5 29.R7h6 Qd7 30.Qd5 {would not be good: the white pieces are too active.} ) ( {But as the course of the game will prove} 28...Qe7 $1 {would have been the right way to play it.} ) 29.Nac4 {There is a deal, you can take my rook.} 29...Nh3 30.Rxf7 $1 Rxf7 31.gxh3 {And the Bulgarian GM executed his trademark exchange sacrifice.} 31...Rh7 ( 31...gxh3 32.Qd5 {is crushing for Black.} ) ( {However} 31...Rd7 32.Qd5+ Kg7 33.Rd1 Re7 $1 {to defend his key central point would have been more stubborn.} ) 32.Qxg4 Bg5+ 33.Kb1 Qf6 34.Rg1 {For the exchange White has a couple of pawns, centralization and an attack. This is is enough for him.} 34...Bf4 35.Qxg6+ Qxg6 36.Rxg6+ Kh8 ( {It makes sense to swap the rooks off:} 36...Rg7 37.Rxg7+ Kxg7 38.Nxb7 Rh8 {although this could hardly save the second player.} ) 37.Re6 Rd8 {Now White can keep his third pawn alive.} ( {However, even the most resilient:} 37...Rxh3 {should not have saved Black after either:} 38.Nxe5 ( {Or:} 38.Re7 Rh7 39.Rxh7+ Kxh7 40.Nxb7 ) 38...Bxe5 39.Rxe5 ) 38.h4 $1 Rc7 ( {As:} 38...Rxh4 39.Nf7+ {drops the rook.} ) 39.Kc2 Kh7 40.Kb3 a6 41.Nf5 ( 41.a5 {would also do, but White is not afraid of the pawn advance.} ) 41...b5 42.axb5 axb5 43.Ncd6 Rb8 44.Ne8 Ra7 45.Nf6+ Kh8 ( {Otherwise the rook falls:} 45...Kg6 46.Nd7+ Kf7 47.Rf6+ ) 46.h5 Rba8 47.Nd5 Bc1 48.Kc2 Ra1 49.Rxe5 Kg8 50.Nb4 {Toaplov in his prime!} 1-0

[Event "E Women's World Championship"]
[Site "Shanghai, China"]
[Date "2020.01.11"]
[Round "5.1"]
[White "Goryachkina, Aleksandra"]
[Black "Ju, Wenjun"]
[Result "1-0"]
[WhiteElo "2578"]
[BlackElo "2584"]
[EventDate "2020.??.??"]
[Annotator "Bojkov,Dejan"]
[PlyCount "102"]
[Beauty "6945633215530"]
[EventType "game"]
[EventCountry "CHN"]

1.c4 Nf6 2.Nc3 e6 3.e4 {After the painful defeat in the previous game, Goryachkina decided to abandon the slow grinding in favor of more aggressive play.} 3...d5 4.cxd5 exd5 5.e5 Ne4 6.Nf3 Bf5 7.d3 {White is following the footprints of her great countryman.} ( {At the World Cup two strong grandmasters discussed a slightly different version of the line:} 7.Be2 d4 8.Nxe4 Bxe4 9.Bc4 Bd5 10.Qb3 Bxc4 11.Qxc4 Nc6 12.O-O Qd7 13.d3 Be7 14.a3 O-O 15.b4 {when White seemed more comfortable, Kovalenko,I (2674)-Lupulescu,C (2643) Khanty-Mansiysk 2019} ) 7...Nxc3 8.bxc3 c5 9.d4 Qa5 10.Bd2 Nc6 11.c4 Qd8 12.Qb3 Be4 $146 {However, it is Ju who has the first novelty.} ( {The predecessor saw:} 12...Be6 13.Qxb7 Rc8 14.Ng5 Nxd4 15.Nxe6 fxe6 16.Rb1 Be7 17.Bd3 Kf7 18.O-O Nc6 19.Be2 Nd4 20.Bd3 Nc6 21.Rfd1 {with initiative for White in Nepomniachtchi,I (2768)-Anand,V (2771) Batumi 2018. No doubt that both camps spent countless hours on the analyses of the positions.} ) 13.Qxb7 Rc8 14.Bg5 {For her last two moves Goryachkina spent about 20 minutes on her clock. She did, however, a very good job in choosing this unpleasant continuation as Ju slowly caught up on the clock with her three next moves.} ( {Black's main idea is seen in the line:} 14.Ng5 Be7 15.Nxe4 dxe4 16.d5 Nxe5 {where Black is very active and keeps the white bishops under control.} ) 14...Be7 15.Bxe7 Nxe7 16.Qb5+ {Here comes the first lengthy thought by the world champion. After more than half an hour of deliberation, Ju decides on} 16...Qd7 {which turns out to be a mistake.} ( {The other natural block of the check:} 16...Nc6 {would not solve all the Black's problems either after:} 17.cxd5 Bxd5 ( {Somewhat better is:} 17...Qxd5 18.Bc4 Qd7 19.Ng5 $1 Bd5 20.O-O {although Black also has problems to solve here.} ) 18.Qxc5 Bxf3 19.gxf3 Nxd4 20.Bb5+ Nxb5 21.Qxb5+ Qd7 22.a4 {White's extra pawn should count for something, although I suspect that with accurate play Black should hold.} ) ( {However, the artificial-looking move:} 16...Rc6 $1 {might have been best. The rook is now surprisingly well-placed; for example, after:} 17.cxd5 Bxd5 18.Be2 O-O 19.dxc5 Qc7 {Black should gradually regain both her pawns.} ) 17.cxd5 Bxd5 18.Qxd7+ Kxd7 19.Bb5+ Ke6 ( {Here a better chance is:} 19...Nc6 $5 {with the idea:} 20.dxc5 {And only then:} ( {But White can still fight for the edge with:} 20.Rc1 $5 ) 20...Ke6 21.Ng5+ Kxe5 ) 20.Ng5+ $1 Kf5 21.h4 {Suddenly the black king is in trouble, and Ju has too many threats to worry about. She decided to sacrifice the exchange.} 21...cxd4 ( {The alternative is to play down a pawn after:} 21...Kg6 22.Bd3+ Kh6 23.dxc5 Rxc5 24.O-O {Definitely not fun as the black king is still not out of the woods.} ) 22.Bd7+ Kxe5 23.Bxc8 Rxc8 {Goryachkina won the exchange, and this play should be good enough to win the game as the position is well open for the major pieces. However, accuracy is still required.} 24.O-O ( {Here better is to keep the king in the middle:} 24.Kd2 $1 {Not worrying about:} 24...Bxg2 $2 25.Rae1+ Kf6 26.Rhg1 {and White wins.} ) 24...Kd6 25.Rfe1 Rc2 {Now Black gets some activity for her pieces, and the supported passer can become a significant factor.} 26.a3 h6 27.Ne4+ Bxe4 28.Rxe4 Nc6 29.h5 $1 {Fixing a weakness.} 29...g6 ( {The pawn is not hanging yet; therefore, Ju should have brought her king out with:} 29...Kd5 $1 {Then:} 30.Rg4 ( {But White needs to play for the win with:} 30.Re8 $1 ) 30...d3 31.Rd1 d2 32.Kh2 Ne5 {leads White nowhere.} ) 30.Rf4 ( {Here and on the next move the contender needed to slow the passer with:} 30.Rd1 $1 gxh5 31.Rf4 Ke6 ( {Or:} 31...Ke7 32.Rf5 ) 32.Re1+ Kd5 33.Rxf7 {eventually winning.} ) 30...gxh5 31.Rxf7 d3 $1 {The passer is on the move.} 32.Rd1 d2 33.Rf3 Ne5 $1 34.Rf4 Nc6 {The decisive mistake. Ju was almost there.} ( {Correct is:} 34...Nc4 $1 35.Rd4+ ( {The rook endgame after:} 35.Kf1 Ke5 $1 36.Rh4 Nb2 37.Rxh5+ Ke4 38.Ke2 Nxd1 39.Rh4+ $1 Kf5 40.Kxd1 Ra2 41.Rxh6 Rxa3 42.Kxd2 a5 {should also be a draw with accurate play.} ) 35...Ke5 36.Rd7 Rc3 {Black's pieces are wonderfully positioned, and she can start swapping more pawns after:} ( {Not:} 36...Rc1 $2 37.Rxd2 $1 ) 37.Kf1 ( 37.a4 a5 ) 37...Rxa3 38.Ke2 h4 {In this line White misses her Rd1.} ) 35.Kf1 Ke5 36.Rf3 Na5 37.Ke2 {Everything is under control again, and Goryachkina leaves Ju no more chances.} 37...Nc4 38.Rh3 Ra2 39.Rxh5+ Kd4 40.Rh4+ $1 {It is always useful to spoil the enemy's coordination.} 40...Kc5 41.Rh3 a5 42.f4 Kd5 43.Rf3 $1 {The decisive maneuver after which the white pawns start to move as well.} 43...Ke6 44.g4 a4 45.Rh3 Kd5 46.f5 Ke5 47.Rc3 Nxa3 48.Rc5+ ( 48.Re3+ {would be a bit faster.} ) ( {But not:} 48.Rxd2 $2 Rxd2+ 49.Kxd2 Nb1+ 50.Kc2 Nxc3 51.Kxc3 h5 {with a draw.} ) 48...Kd6 49.f6 Nc2 50.Rc4 Na3 51.Rf4 Kd5 1-0

[Event "E Women's World Championship"]
[Site "Vladivostok, Russia"]
[Date "2020.01.17"]
[Round "8.1"]
[White "Goryachkina, Aleksandra"]
[Black "Ju, Wenjun"]
[Result "1-0"]
[WhiteElo "2578"]
[BlackElo "2584"]
[EventDate "2020.??.??"]
[Annotator "Bojkov,Dejan"]
[PlyCount "89"]
[Beauty "7356473673260"]
[EventType "match"]
[EventRounds "2"]
[EventCountry "RUS"]

1.c4 e6 2.Nc3 d5 3.d4 Nf6 4.cxd5 exd5 5.Bg5 c6 6.e3 h6 7.Bh4 Be7 8.Bd3 Ne4 9.Bg3 Nxg3 ( {Instead two Russian players debated the consequences of the interesting:} 9...Bf5 10.Bxe4 ( {Whereas:} 10.Nge2 Nxg3 11.hxg3 Bxd3 12.Qxd3 Nd7 13.g4 Bd6 14.e4 {was the course of the game Barsov,A (2509)-Al Qudaimi,B (2428) Khanty-Mansiysk 2010} ) 10...Bxe4 11.Nxe4 dxe4 12.Ne2 Bb4+ 13.Nc3 O-O 14.O-O Qe7 15.a3 Bxc3 16.bxc3 Nd7 17.a4 Qe6 18.h3 b5 19.d5 cxd5 20.axb5 {Khismatullin,D (2664)-Krapivin,A (2445) Moscow 2012} ) 10.hxg3 Nd7 11.Nf3 $146 {Obvious and natural.} ( {An email predecessor saw quick draw after:} 11.Nh3 Nf6 12.Nf4 Bd6 13.Qc2 O-O {1/2-1/2 (13) Lehtosaari,J (2346) -Rohs,R (2313) ICCF email 2015} ) 11...Nf6 12.Qc2 Be6 13.O-O-O {In a Carlsbad Pawn structure both players castle long in order to avoid the kingside attack.} 13...Qc7 14.Kb1 O-O-O 15.Na4 {Goryachkina's position seems more pleasant as she has clear spots to occupy with her knights. At the same time Ju's bishop pair is idle, but should not be underestimated.} 15...Kb8 16.Nc5 {Without much hesitation, the world champion decided to get rid of both white knights. After all, this is presumably one of the advantages of the bishop pair.} 16...Bxc5 ( {Black could have also stayed with:} 16...Bc8 17.Rc1 Bd6 {From a hindsight, this might have been a better choice for her.} ) 17.dxc5 {In order to free an outpost for her second knight.} 17...Bg4 18.Rc1 Bxf3 19.gxf3 d4 {This is what Ju's plan was all about. She is trying to build a blockade on the dark squares.} ( {It made sense to postpone this advance and do it under more favourable circumstances.} 19...h5 $5 20.f4 d4 21.e4 h4 ) 20.e4 g5 21.Qd2 {The problem is that the white pawns cannot be easily stopped. Moreover, the pawn on h6 became an obvious weakness.} 21...Nd7 ( {Here Black needed to centralize her queen with:} 21...Qe7 $1 {Then if White is not careful:} 22.Rhe1 $6 {The knight can demonstrate his usual wit with:} ( {White is still better though with:} 22.b4 Nd7 23.f4 gxf4 24.gxf4 h5 ) 22...Nd7 23.b4 Ne5 ) 22.f4 f6 ( {Nothing is really changed after:} 22...gxf4 23.gxf4 h5 24.Rh3 ) 23.Rh5 {Now that the h6 pawn is practically lost. All Goryachkina needs is to pile her major pieces against it.} 23...gxf4 24.gxf4 Nf8 25.f5 {Limits the knight.} 25...Qg7 {Now the Russian player comes with a strong maneuver:} ( 25...Nd7 26.f4 ) 26.Qf4+ $1 {Everything is under control.} ( {But not:} 26.Rch1 $6 Nd7 27.b4 Ne5 {with serious counterplay for Black.} ) 26...Ka8 27.Qh2 Nd7 28.f4 Qf8 ( {Or:} 28...Rdg8 29.b4 ) 29.b4 b6 {Ouplayed, in a desperate situation, the world champion opens the game in the time trouble.} ( 29...Qe8 30.Rxh6 {would be silent horror instead.} ) 30.e5 $1 bxc5 31.Qh1 $1 {Everything was in vain, it is the black king which is in greater danger.} 31...Nb8 ( {After:} 31...Kb7 {White wins with:} 32.Bb5 Nb8 33.Rxc5 ) 32.Be4 ( 32.b5 $1 {was even better.} ) 32...Rh7 ( {Otherwise Black gets checkmated, like in the line:} 32...cxb4 33.Bxc6+ Nxc6 34.Qxc6+ Kb8 35.Qb5+ Ka8 36.Rc7 ) 33.Rxc5 Rb7 34.Bxc6 Nxc6 35.Qxc6 {Goryachkina won a pawn, and kept all other benefits of her position.} 35...d3 ( 35...Kb8 36.Rb5 ) 36.Rb5 Rb8 37.e6 {This passer is unstoppable.} 37...Qd8 ( {Or:} 37...d2 38.Rh1 ) 38.Rh1 d2 39.Rd5 Qc8 40.Qxc8 Rxb4+ 41.Ka1 Rxc8 42.Rxd2 Kb7 {In order to defend the rook.} ( {Otherwise it hangs in the line:} 42...Rxf4 43.e7 Re4 44.Rd8 ) 43.Rd7+ $1 {The last touch. The king and the rook are again separated and it is all over in a couple of more moves.} 43...Kb6 44.e7 Re8 45.Re1 1-0